Atlas of bladder pathology

Bewaard in:
Bibliografische gegevens
Hoofdauteur: Bracken, R. Bruce
Formaat: Boek
Taal:Undetermined
Gepubliceerd in: New York Igaku-Shoin 1990
Onderwerpen:
Tags: Voeg label toe
Geen labels, Wees de eerste die dit record labelt!
Thư viện lưu trữ: Trung tâm Học liệu Trường Đại học Cần Thơ
LEADER 00542nam a2200193Ia 4500
001 CTU_127356
008 210402s9999 xx 000 0 und d
082 |a 616.6207 
082 |b B797 
100 |a Bracken, R. Bruce 
245 0 |a Atlas of bladder pathology 
245 0 |c R. Bruce Bracken, Bruce Mackay 
260 |a New York 
260 |b Igaku-Shoin 
260 |c 1990 
650 |a Cystoscopy,Bladder 
650 |x Atlases,Diseases |,Diagnosis,Atlases 
904 |i Nguyên 
980 |a Trung tâm Học liệu Trường Đại học Cần Thơ